000 00740nam a2200217 a 4500
001 47751
003 BD-RjUL
005 20211209054403.0
008 160810s1989 bg ||||| |||| 00| 0 ben d
035 _a(BD-RjUL)47870
040 _aBD-RjUL
_bben
_cBD-RjUL
041 _aben
082 _223
_a784.1923
_bKHB 1989
100 1 _aখান, মোবারক হোসেন
_9117672
245 1 0 _aবাংলাদেশের বাদ্যযন্ত্র /
260 _aঢাকা :
_bবাংলা একাডেমী,
_c১৯৮
300 _a৯৯ পৃ. :
_bচিত্র ;
_c১২ সেমি.
650 _aবাদ্যযন্ত্র
_9145024
650 _aMusical instruments
_9145025
942 _2ddc
_cBK
999 _c47751
_d47751